000 01080nam a2200301 c 4500
003 BLK
005 20240104123818.0
008 180408b bul|||||r ||||||| ||bul||
010 _aKNG00075819000
020 _a978-954-9415-26-1
_bиздат.: Водолей
040 _aBLK
041 _aBUL
_cBUL
080 _aБългарска литература
_b821.163.2
_x-311.6
_z821.163.2-311.6
100 1 _aХристозов, Петър
_eпърви автор
_9370891
139 _aХристозов, Петър
_bХ 79
245 1 0 _aДрамата на измисления свят
_bПолит. роман
_cПетър Христозов.
257 _aBGR
260 София
_bВодолей
_c2007
300 _a264 с.
_c21 см
380 _aX
500 _aПетър Христозов - псевд. на Христо Димитров Вълчев
852 _aЦб 234437
856 4 _qpdf
_u
856 4 _qpdf
_u
942 _cKNG
_n0
_014
944 _aCR
_c20.06.2007
_k30530
_lМинев Младен
944 _aED
_c05.12.2008
_k
999 _c71449
_d71449